000 00439nam a2200193Ia 4500
005 20240823034013.0
008 240823s9999||||xx |||||||||||||| ||und||
020 _a978-81-264-2960-8
041 _aMALAYALAM
082 _A920 Q2
100 _aErnesto Che Guevara
245 0 _aBolivian Diary
250 _a1st
260 _c2012
_b"D C Books,Kot"
500 _aYES
650 _aMemoirs
_bGeneral
942 _cBK
999 _c197180
_d197180